00338 a2200121 450000100060000010000160000624500310002226000210005309000170007494200220009199900190011395200840013226830 aShah, S.I.A aAfghansitan of the afghans abGosha-e-Adabc c18063d18063 aNUST-CAEcMc8962 c261903d261903 001040708NFICaCAEbCAEd2017-04-03l0pCAE24963r2017-04-05w2017-04-05yBK